Několik problémů tvorby a použití rezerv

Pojem rezervy a jeho rozčlenenie do troch skupín. Rezervy podľa zákona o účtovníctve. Rezervy podľa postupov účtovania pre podnikateľov. Rezervy na opravy hmotného majetku.

Salvato in:
Dettagli Bibliografici
Autore principale: Bernat, F.
Natura: Capitolo di libro
Lingua:ceco
Soggetti:
Tags: Aggiungi Tag
Nessun Tag, puoi essere il primo ad aggiungerne!!

MARC

LEADER 00000naa a2200000 4500
001 r021304
005 20230913080500.3
041 0 |a cze 
044 |a CZ 
245 1 0 |a Několik problémů tvorby a použití rezerv  |c F. Bernat 
520 |a Pojem rezervy a jeho rozčlenenie do troch skupín. Rezervy podľa zákona o účtovníctve. Rezervy podľa postupov účtovania pre podnikateľov. Rezervy na opravy hmotného majetku. 
610 2 0 |a rezervy 
610 2 0 |a účtovanie 
610 2 0 |a podnikatelia 
610 2 0 |a jednotka hospodárska 
610 2 0 |a účtovníctvo podvojné 
610 2 0 |a opravy 
610 2 0 |a majetok hmotný 
610 2 0 |a zákony 
610 2 0 |a účtovníctvo 
610 2 0 |a Česko 
100 1 |a Bernat, F.